Trouvez les joueurs masculins les plus titrés - US Open - Statistiques

Statistiques générales
  • Ce quiz a été pris 28 fois
  • Le résultat moyen est 6 sur 14
Statistiques - réponses
Nombre et date de chaques victoires Origines Joueurs % Correct
4 victoires : 2011, 2015, 2018 et 2023 Serbe Novak Djokovic
100%
4 victoires : 2010, 2013, 2017 et 2019 Espagnol Rafael Nadal
100%
5 victoires : 1990, 1993, 1995, 1996 et 2002 Américain Pete Sampras
93%
5 victoires : 2004, 2005, 2006, 2007 et 2008 Suisse Roger Federer
93%
4 victoires : 1979, 1980, 1981 et 1984 Américain John McEnroe
67%
3 victoires : 1985, 1986 et 1987 Tchèque Ivan Lendl
59%
5 victoires : 1974, 1976, 1978, 1982 et 1983 Américain Jimmy Connors
52%
3 victoires : 1933, 1934 et 1936 Britannique Fred Perry
11%
7 victoires : 1920, 1921, 1922, 1923, 1925, 1926 et 1929 Américain Bill Tilden
4%
3 victoires : 1898, 1899 et 1900 Américain Malcolm Whitman
0%
3 victoires : 1890, 1891 et 1892 Américain Oliver Campbell
0%
7 victoires : 1881, 1882, 1883, 1884, 1885, 1886 et 1887 Américain Richard Sears
0%
4 victoires : 1893, 1894, 1896 et 1897 Américain Robert Wrenn
0%
7 victoires : 1901, 1902, 1907, 1908, 1909, 1910 et 1911 Américain William Larned
0%
Aucun quiz correspondant
Distribution des résultats
% des personnes avec chaque résultat
Percentile par nombre de réponses
Votre historique - résultats
Vous n’avez pas pris ce quiz